000 00550cam a22002291 4500
001 sa 68010905
003 DLC
005 20260227112556.0
008 950202s1963 ii 000 1 tamo
010 _asa 68010905
025 _aPL480:I-T-2398
035 _a(OCoLC)31923507
040 _aDLC
_cCU
_dCU
_dDLC
042 _apremarc
050 0 0 _aPL4758.9.A33
_bM3 1963
100 0 _aAkilan̲,
_d1922-1988.
245 1 0 _aIn̲pa nin̲aivu.
260 _c[1963]
300 _a64 p.
_c18 cm.
500 _aIn Tamil.
740 0 _aMaṅkiya nilavu.
999 _c83621
_d83621